Statistiken für Länder Südamerikas - 15 Sekunden Sprint

Klicken Sie hier um das Quiz zu spielen!

Allgemein

  • Dieses Quiz wurde 145 mal gespielt
  • Das Durchschnittsergebnis liegt bei 7 aus 12

Antworten auf der Karte

Die Antworten werden auf der Karte rot bzw. grün angezeigt, abhängig davon wie oft sie richtig erraten wurden.
Laden ...
 

Antwortstatistiken

Land% Korrekt
Brasilien
90%
Chile
76%
Peru
75%
Argentinien
67%
Bolivien
54%
Kolumbien
49%
Uruguay
49%
Ecuador
43%
Paraguay
41%
Suriname
41%
Venezuela
38%
Guyana
30%

Verteilung der Resultate

Perzentil nach korrekt beantworteten Fragen

Anzahl Personen mit jedem Resultat

Ihre Resultats-Entwicklung

Sie haben dieses Quiz noch nicht gespielt